000 00366nam a22001457a 4500
003 SGT
082 _a616.024
_bS22S
100 _aSUHAG, NAVEEN
245 _aSTUDY OF PREVALENCE OF VITAMIN D DEFICIENCY IN PATIENTS WITH ESSENTIAL HYPERTENSION
260 _aGURUGRAM
_bSGT UNIVERSITY
_c2022
300 _a85
650 _aMEDICINE
653 _aM.D
942 _2ddc
_cTH
999 _c26580
_d26580